000 00735nam a2200181Ia 4500
003 GCL
008 140319s9999 xx 000 0 ara d
040 _aGCL /
_cGCL
082 0 4 _aق
_b915.3
_bج م
100 1 _aجامعة الدول العربية
245 1 0 _aالمؤتمرالثالث للاثار فى البلاد العربية :
_bفاس 8- 18نوفمبر 1959 /
_cجامعة الدول العربية
260 _aالقاهرة :
_bجامعة الدول العربية-الامانة العامة ،
_c1961
300 _a522ص:
_bيشتمل على لوحات ؛
_c24 سم
650 0 4 _aالاثار الاسلامية
650 0 4 _aالحضارة الاسلامية
650 0 4 _aالمؤتمرات
942 _2ddc
_cBK
999 _c36486
_d36486